Statistics for Music by Letter - Y and Z

Click here to take the quiz!

General Stats

  • This quiz has been taken 582 times
  • The average score is 14 of 22

Answer Stats

Hint Answer % Correct
Colour of a submarine or brick roadYellow
96%
Stairway to Heaven's LedZeppelin
94%
Swiss, alpine style of singingYodel
92%
David Bowie alter ego _____ StardustZiggy
90%
Classic 1978 song by Village PeopleYMCA
89%
Texas rock band formed in 1969; __ TopZZ
82%
American tune, ______ DoodleYankee
81%
When all my troubles seemed so far awayYesterday
80%
2012 hit song for band Fun: We are _____Young
78%
Mothers of Invention singer FrankZappa
77%
1958 Coasters hit Yakety ___Yak
76%
Word that follows She Loves You three timesYeah
75%
___-a-dee-doo-dahZip
67%
World's largest piano making companyYamaha
61%
1994 song by Irish band The CranberriesZombie
56%
Cellist MaYo-Yo
53%
Cat Stevens' new name: _____ IslamYusuf
46%
1993 U2 album ___ropaZoo
41%
String instrument with wooden frameZither
31%
Cajun folk genre from LouisianaZydeco
27%
Mozart opera, in German; Die _____flöteZauber
19%
Handel Coronation anthem _____ the PriestZadok
15%

Score Distribution

Percentile by Number Answered

Percent of People with Each Score

Your Score History

You have not taken this quiz